| 000 | 00581nam a2200157Ia 4500 | ||
|---|---|---|---|
| 008 | 150610s9999 xx 000 0 und d | ||
| 020 | _a9780871205216 | ||
| 050 |
_aLB2822.82 _b .S354 2001 |
||
| 100 | _aSchmoker, Mike | ||
| 245 | 4 |
_aThe result field book: _bpractical strategies from dramatically improved schools / _cMike Schmoker. |
|
| 260 |
_aUSA : _bASCD Publications, _c2001. |
||
| 300 |
_a150pages ; _c28 cm. |
||
| 504 | _aIncludes bibliographical references and index. | ||
| 520 | _aCase studies. | ||
| 650 |
_aSchool management and organozation-United States _xCase studies. |
||
| 999 |
_c288046 _d288046 |
||